| 000 -LEADER |
| fixed length control field |
00715nam a22001937a 4500 |
| 005 - DATE AND TIME OF LATEST TRANSACTION |
| control field |
20240801201824.0 |
| 008 - FIXED-LENGTH DATA ELEMENTS--GENERAL INFORMATION |
| fixed length control field |
240801s1986 en ||||| |||| 00| 0 eng d |
| 020 ## - INTERNATIONAL STANDARD BOOK NUMBER |
| Qualifying information |
9780192631381 X |
| 041 ## - LANGUAGE CODE |
| Language code of text/sound track or separate title |
eng |
| 080 ## - UNIVERSAL DECIMAL CLASSIFICATION NUMBER |
| Universal Decimal Classification number |
611.91(075.8) R-75 |
| 100 ## - MAIN ENTRY--PERSONAL NAME |
| Personal name |
Romanes, D. J. |
| Dates associated with a name |
Author |
| 9 (RLIN) |
23048 |
| 245 ## - TITLE STATEMENT |
| Title |
Cunningham's manual of practical anatomy. |
| Remainder of title |
Volume One Upper and lower limbs / |
| Statement of responsibility, etc. |
G. J. Romanes |
| 250 ## - EDITION STATEMENT |
| Edition statement |
15th ed |
| 264 ## - PRODUCTION, PUBLICATION, DISTRIBUTION, MANUFACTURE, AND COPYRIGHT NOTICE |
| Place of production, publication, distribution, manufacture |
Oxford : |
| Name of producer, publisher, distributor, manufacturer |
Oxford Univ. Press, |
| Date of production, publication, distribution, manufacture, or copyright notice |
1986. |
| 300 ## - PHYSICAL DESCRIPTION |
| Extent |
240 pages.: |
| Other physical details |
ill; |
| Dimensions |
26 cm. |
| 653 ## - INDEX TERM--UNCONTROLLED |
| keyword |
Cunningham's manual of practical anatomy |
| 653 ## - INDEX TERM--UNCONTROLLED |
| keyword |
პრაქტიკული ანატომიის სახელმძღვანელო |
| 942 ## - ADDED ENTRY ELEMENTS (KOHA) |
| Source of classification or shelving scheme |
|
| Koha item type |
წიგნი |